000 00564nam a2200181Ia 4500
001 8882
005 20260306160642.0
008 260306t2013||||xx |||||||||||||| ||spa||
041 _aESP
082 _a371.9
_bA74
100 _aArmstrong, Thomas
_eAUT
245 0 _aNeurodiversidad en el salón de clases:
_bestrategias basadas en fortalezas que ayudan a los alumnos con necesidades especiales a tener éxito en la escuela y en la vida
260 _c2013
300 _avi, 216 páginas :
_c23 cm.
650 _aGEN
654 _aCED
942 _cLIB
_dJUS
_fJUS
_2ddc
_n
999 _c8882
_d8882